| 000 | 00377nam a22001457a 4500 | ||
|---|---|---|---|
| 005 | 20170406113332.0 | ||
| 008 | 170406b xxu||||| |||| 00| 0 eng d | ||
| 041 | _aeng | ||
| 100 |
_aVARSHNEY, R.S. AND OTHERS _93841 |
||
| 245 | _aTHEORY AND DESING OF IRRIGATION STRUCTURE (VOL-1) | ||
| 250 | _a5TH, 1983 | ||
| 260 |
_aROORKEE _bNEM CHAN AND BROS |
||
| 300 | _a537 | ||
| 942 | _cBK | ||
| 999 |
_c5437 _d5435 |
||